000 00448nam a2200145Ia 4500
008 100204s9999 xx 000 0 und d
082 _b18943
100 _aइनामदार ना.स.
245 _aइंद्र्रनील
260 _b"सन पब्लिकेशन्स , पुणे"
_c1996
300 _a253
630 _aइंद्र्रनील
730 _aइंद्र्रनील
942 _cBOOK
999 _c463366
_d463363